Republica bolivariana de Venezuela
| Main Author: | |
|---|---|
| Format: | Section = Libro |
| Language: | Undetermined Spanish |
| Published: |
Venezuela
Ipostel
2011
|
| Subjects: |
| LEADER | 00559nam a2200193Ia 4500 | ||
|---|---|---|---|
| 008 | 240829s9999 xx 000 0 und d | ||
| 040 | |a BIBLIOTECA-RUSB/ Ref 769.56 I59 | ||
| 041 | |a spa | ||
| 082 | |a Ref 769.56 I59 | ||
| 100 | 1 | |a Instituto Postal de telegrafía de Venezuela | |
| 245 | 1 | 0 | |a Republica bolivariana de Venezuela |
| 260 | |a Venezuela |b Ipostel |c 2011 | ||
| 300 | |a p. irreg. :il. | ||
| 650 | 7 | |a SELLOS POSTALES - CATÁLOGOS - VENEZUELA | |
| 650 | 7 | |b ALBUNES DE SELLOS POSTALES | |
| 650 | 7 | |c FILATELIA | |
| 942 | |c BK |2 ddc | ||
| 991 | |a TEXTO | ||
| 999 | |c 6669 | ||